00249nam a2200109Ia 4500008004100000100001600041245002800057260001700085650001300102942000700115999001700122190216s9999||||xx |||||||||||||| ||und|| aSurendran K 0aDasthayeviskiyude Katha bNbs Kottayam aKathakal cBK c25391d25391